=LDR 00000nam 2200000 4500 =001 INLIS000000000035792 =005 20130612141624 =008 ***********************************Ind** =035 ##$$0010-061300000035792 =041 ##$$a Ind =082 ##$$a 650.1 =090 ##$$a 650.1, Kur i =100 ##$$a Kurnia, Kafi =245 ##$$a Intrik, Trik-trik bisnis meracik sukses, Kafi Kurnia =260 ##$$a 2000 $b Jakarta =300 ##$$a xv, 190 hlm, 23 cm =650 ##$$a Manajemen - Usaha =850 ##$$a NBPNMAT